[Event "IBCA EU-chT blind 03rd"]
[Site "Genova"]
[Date "2023.04.27"]
[Round "7.3"]
[White "Alon, Levi"]
[Black "Kljaic, Kresimir"]
[Result "0-1"]
[WhiteElo "1668"]
[BlackElo "1520"]
[PlyCount "70"]
[EventDate "2023.04.20"]
[EventType "team-swiss"]
[EventRounds "9"]
[EventCountry "ITA"]
[SourceTitle "CBM 213 Extra"]
[Source "ChessBase"]
[SourceDate "2023.05.31"]
[SourceVersion "1"]
[SourceVersionDate "2023.05.31"]
[SourceQuality "1"]
[WhiteTeam "Israel"]
[BlackTeam "Croatia"]
[WhiteTeamCountry "ISR"]
[BlackTeamCountry "CRO"]

1. d4 Nf6 2. Nf3 g6 3. c4 Bg7 4. Nc3 0-0 5. e4 d6 6. h3 Nbd7 7. Be3 e5 8. d5 a5 9. g4 Re8 10. Be2 Nf8 11. Nh2 Bd7 12. g5 Nh5 13. Bxh5 gxh5 14. Qxh5 Ng6 15. 0-0-0 Qc8 16. Ng4 Rf8 17. Nf6+ Bxf6 18. gxf6 Kh8 19. Rdg1 Qd8 20. Qg5 Rg8 21. Ne2 b5 22. h4 bxc4 23. h5 Nf4 24. Qxg8+ Qxg8 25. Rxg8+ Rxg8 26. Bxf4 exf4 27. Rg1 Bg4 28. Nxf4 Bf3 29. Re1 Rg4 30. Ne6 h6 31. Nxc7 Rf4 32. Ne8 Rxe4 33. Rg1 Rxe8 34. Rg3 Bxd5 35. Ra3 Ra8 0-1

[Event "IBCA World-chT blind 9th"]
[Site "Ohrid"]
[Date "2022.07.07"]
[Round "9.8"]
[White "Tishuki, Daut"]
[Black "Kljaic, Kresimir"]
[Result "1/2-1/2"]
[WhiteElo "1557"]
[BlackElo "1543"]
[PlyCount "72"]
[EventDate "2022.06.28"]
[EventType "team-swiss"]
[EventRounds "9"]
[EventCountry "MKD"]
[SourceTitle "EXT 2024"]
[Source "ChessBase"]
[SourceDate "2023.10.10"]
[SourceVersion "1"]
[SourceVersionDate "2023.10.10"]
[SourceQuality "1"]
[WhiteTeam "Kosovo"]
[BlackTeam "Croatia"]
[WhiteTeamCountry "KOS"]
[BlackTeamCountry "CRO"]

1. d4 e6 2. Nf3 f5 3. Ne5 d6 4. Nf3 Nf6 5. Bg5 Be7 6. e3 0-0 7. c4 Ne4 8. Bxe7 Qxe7 9. Nc3 Nxc3 10. bxc3 Nd7 11. Bd3 Nf6 12. 0-0 Ne4 13. Qc2 d5 14. cxd5 exd5 15. Bxe4 dxe4 16. Ne5 Be6 17. c4 c6 18. a4 a6 19. Rab1 Rab8 20. Rb2 Qe8 21. c5 Bd5 22. a5 f4 23. exf4 Rxf4 24. Qd2 Rf5 25. f4 exf3 26. Nxf3 Bxf3 27. Rxf3 Rxf3 28. gxf3 Qf7 29. Qd3 Rd8 30. Qb3 Rd7 31. Kf2 Qxb3 32. Rxb3 Kf7 33. Ke3 g5 34. h3 Kf6 35. Kd3 Kf5 36. Kc4 Re7 1/2-1/2